Deutsch-polnische Wege zur Zweisprachigkeit
| Titel: | Deutsch-polnische Wege zur Zweisprachigkeit : Eine quantitative Studie zur zweisprachigen Kindererziehung in deutsch-polnischen Familien in Deutschland und Polen |
|---|---|
| Verfasser: | |
| In: |
Zweisprachigkeit als Herausforderung und Chance, (2012), Seite 69-82 alle Artikel anzeigen |
| Veröffentlicht: | 2012 |
| Format: | Aufsatz |
| Sprache: | Deutsch |
X
alg: 39276773 001A $01999:11-11-16 001B $01999:21-05-21 $t16:55:36.000 001D $01999:11-11-16 001U $0utf8 001X $00 002@ $0Aox 003@ $0392767732 007A $0392767732 $aHEB 007T $0Herdc0100722m 010@ $ager 011@ $a2012 021A $aDeutsch-polnische Wege zur Zweisprachigkeit $dEine quantitative Studie zur zweisprachigen Kindererziehung in deutsch-polnischen Familien in Deutschland und Polen 028A $aJańczak $dBarbara 031A $h69-82 $j2012 039B $aIn $8--Aau--. Zweisprachigkeit als Herausforderung und Chance. - Berlin : Trafo, 2012. - 244 S.. - Tab.. - ISBN 978-3-86464-027-8 $x201200000000000931 $9314315780 045F $a417.709438 $eDDC23BSB 045F/01 $a417.7 045F/03 $g438 lok: 39276773 78 exp: 39276773 78 1 #EPN 201B/01 $019-04-17 $t11:33:20.000 201U/01 $0utf8 203@/01 $0788867121 208@/01 $a11-11-16 $be 209A/01 $a/ $f000 $x00 220C/01 $aTitelaufnehmer: pg 220C/01 $aHerkunft: HI Marburg 244Z/01 $2Trx $#Poola $#Lenkija $#Polija $#Polen Land $#Poland $#Lengyelország $#Poľsko $#Polsko $8--Trx--Polska$gkraj $x01 $9391345966 244Z/01 $2Trx $#kasvatus $#auklėjimas $#Upbringing $#nevelés $#wychowanie $#výchova $#výchova $8--Trx--Erziehung $x02 $9391364669 244Z/01 $2Trx $#kakskeelsus $#dvikalbystė $#multilingualism $#wielojęzyczność $#Viacjazyčnosť $#Vícejazyčnost $#dvikalbystė $#Bilingvālisms $#Bilinguismus $#Multilingualismus $#Zweisprachigkeit $#bilingualism $#kétnyelvüség $#bilingwizm $#multingwizm $#dwujęzyczność $#dvojjazyčnosť $#bilingvismus $#dvojjazyčnost $8--Trx--Mehrsprachigkeit $x03 $9391369512 244Z/01 $2Trx $8--Trx--Einzelbeiträge $x04 $9391384570 245Z/01 $a11.07 $x01 247C/01 $82080>Marburg/Lahn, Herder-Institut, Forschungsbibliothek, Bibliographieportal $9336309341
| LEADER | 00000caa a22000002c 4500 | ||
|---|---|---|---|
| 001 | 392767732 | ||
| 003 | DE-603 | ||
| 005 | 20210521165536.0 | ||
| 007 | tu | ||
| 008 | 161111s2012 xx |||| | u00||u|ger c | ||
| 035 | |a (DE-599)HEB392767732 | ||
| 040 | |a DE-603 |b ger |c DE-603 |d DE-603 | ||
| 041 | |a ger | ||
| 082 | 0 | 4 | |8 1\u |a 417.709438 |q DE-101 |2 23/BSB |
| 085 | |8 1\u |b 417.7 | ||
| 085 | |8 1\u |z 2 |s 438 | ||
| 100 | 1 | |a Jańczak, Barbara | |
| 245 | 0 | 0 | |a Deutsch-polnische Wege zur Zweisprachigkeit |b Eine quantitative Studie zur zweisprachigen Kindererziehung in deutsch-polnischen Familien in Deutschland und Polen |
| 264 | 0 | |c 2012 | |
| 773 | 0 | 8 | |i In |t Zweisprachigkeit als Herausforderung und Chance |d Berlin : Trafo, 2012 |h 244 S., Tab. |z 9783864640278 |g (2012), Seite 69-82 |w (DE-603)314315780 |
| 924 | 0 | |9 2080 |a (DE-603)788867121 |b DE-2080 |c HES |d d |g / | |


